00279nam a2200109Ia 4500008004100000100002000041245004200061260003000103650001400133942000700147999001500154190216s9999||||xx |||||||||||||| ||und|| aGurdeep Chatwal 0aOrganic Chemistry Of Natural Products bHimalaya Publishing House aChemistry cBK c2098d2098